00289pab a2200109 454500008004000000245006000040260000900100300001300109362001100122650001200133773003400145180718b2010 xxu||||| |||| 00| 0 eng d aDROUGHT by design: the man-made calamity in Bundelkhand c2010 ap.33-38. a30 Jan aDrought aEconomic and Political Weekly